Challenges of inclusive development : a perspective from the grassroots (Record no. 443738)

000 -LEADER
fixed length control field 00399cam a22001337a 4500
008 - FIXED-LENGTH DATA ELEMENTS--GENERAL INFORMATION
fixed length control field 180718b2014 xxu||||| |||| 00| 0 eng d
020 ## - INTERNATIONAL STANDARD BOOK NUMBER
International Standard Book Number 9789383252145
082 ## - DEWEY DECIMAL CLASSIFICATION NUMBER
Classification number T19x54 Sa21
245 ## - TITLE STATEMENT
Title Challenges of inclusive development : a perspective from the grassroots
Statement of responsibility, etc. edited by B.Saikia and D.Lahkar
260 ## - PUBLICATION, DISTRIBUTION, ETC.
Place of publication, distribution, etc. Guwahati
Name of publisher, distributor, etc. EBH
Date of publication, distribution, etc. 2014
300 ## - PHYSICAL DESCRIPTION
Extent 78P.
700 ## - ADDED ENTRY--PERSONAL NAME
Personal name Lahkar, D.
700 ## - ADDED ENTRY--PERSONAL NAME
Personal name Saikia, B.
Holdings
Withdrawn status Lost status Damaged status Not for loan Permanent Location Current Location Date acquired Full call number Barcode Date last seen Price effective from Koha item type
        Indian Institute of Public Administration Indian Institute of Public Administration 2014-03-28 T19x54 Sa21 85593 2018-07-21 2018-07-21 Book

Powered by Koha